Management buy-outs : (Record no. 591544)

000 -LEADER
fixed length control field 00351nam a22001097a 4500
020 ## - INTERNATIONAL STANDARD BOOK NUMBER
International Standard Book Number 0749428287
082 ## - DEWEY DECIMAL CLASSIFICATION NUMBER
Classification number 658.16
Author Mark MAN
245 ## - TITLE STATEMENT
Title Management buy-outs :
Remainder of title the critical success factors for directors
Statement of responsibility, etc. Edited Tom Nash
260 ## - PUBLICATION, DISTRIBUTION, ETC.
Place of publication, distribution, etc. London :
Name of publisher, distributor, etc. The Institute of Directors and Phildrew Ventures,
Date of publication, distribution, etc. 1998.
300 ## - PHYSICAL DESCRIPTION
Extent 84 p. ;
Dimensions 21 cm.
942 ## - ADDED ENTRY ELEMENTS (KOHA)
Source of classification or shelving scheme
Koha item type Book
Holdings
Withdrawn status Lost status Source of classification or shelving scheme Damaged status Not for loan Permanent Location Current Location Shelving location Date acquired Source of acquisition Total Checkouts Full call number Barcode Date last seen Price effective from Koha item type
          Central Library (CL) Central Library (CL) Chinese Studies 10/06/2022 Donated by China Embassy   658.16 MAN CL-D-2019 10/06/2022 10/06/2022 Book
© 2023 Central Library, National University of Sciences and Technology. All Rights Reserved.